Culture générale #5 - Statistiques

Statistiques générales
  • Ce quiz a été pris 68 fois
  • Le résultat moyen est 8 sur 20
Statistiques - réponses
Questions Réponses % Correct
Quelle théorie scientifique explique les premiers instants de l'univers ? Le Big Bang
82%
Quel médecin a donné son nom au serment que doivent prêter les médecins avant d'exercer ? Hippocrate
71%
Quel chanteur est à l'origine des chansons "J'me voyais déjà" et "Hier encore" ? Charles Aznavour
64%
Qui a assassiné Henri IV en 1610 ? Ravaillac
54%
Dans la mythologie romaine, qui est le Dieu du vin et de la fête ? Bacchus
50%
Comment s'appelle le singe ami d'Aladdin dans le film de Disney ? Abu
46%
Dans quelle rue vit Sherlock Holmes ? Baker Street
43%
De quel pays le kimchi est-il un plat traditionnel ? Corée du Sud
43%
Quel pays portait le nom de Haute-Volta jusqu'en 1984 ? Burkina Faso
39%
Dans quel film peut-on retrouver les personnages de Bubba, Jenny et du lieutenant Dan ? Forrest Gump
38%
En 1989, sur quelle place des manifestations contre le régime se déroulent-elles en Chine, entrainant une violente répression ? Tian'anmen
38%
Qui a écrit la série de romans James Bond ? Ian Flemming
36%
Quel est le nom du quartier général de la police londonienne ? Scotland Yard
36%
Quel dictateur communiste était à la tête de la Roumanie jusqu'en 1989 ? Nicolae Ceaușescu
32%
Quel pays a pour monnaie le Rand ? Afrique du Sud
29%
Quelle équipementier sportif est l'acronyme de l'expression signifiant "un esprit sain dans un corps sain" ? Asics
29%
Dans la pièce de Shakespeare, quel est le nom de famille de Roméo ? Montaigu
27%
Avec l'Australie, la Nouvelle Zélande et les Fidji, quel pays membre de l'ONU a l'Union Jack sur son drapeau ? Tuvalu
18%
Aux championnats d'Europe de Zurich en 2014, quelle sportive française est la dernière relayeuse du 4x400 féminin, effectuant une remontée historique de la quatrième à la première place ? Floria Gueï
13%
Quel animal d'Océanie est un petit marsupial herbivore qui se reconnait à sa bouche qui ressemble à un sourire ? Quokka
13%
Aucun quiz correspondant
Distribution des résultats
% des personnes avec chaque résultat
Percentile par nombre de réponses
Votre historique - résultats
Vous n’avez pas pris ce quiz